| 000 | 01010nam a22002417a 4500 | ||
|---|---|---|---|
| 003 | OSt | ||
| 005 | 20260511091219.0 | ||
| 008 | 260511b |||||||| |||| 00| 0 eng d | ||
| 020 | _a9780241238691 | ||
| 040 | _aKenya National Library Service | ||
| 082 | _a823.914 ADA | ||
| 100 |
_aAdamson, Jean, _eauthor. |
||
| 245 |
_aTopsy and Tim : _bmy first story collection / _cJean and Gareth Adamson. |
||
| 300 |
_a139 pages : _bcolor illustrations ; _c23 cm. |
||
| 490 | _aTopsy and Tim. | ||
| 520 | _aA collection of short illustrated stories featuring twins Topsy and Tim as they experience everyday childhood events such as starting school, visiting the doctor, and playing with friends, presented in an easy-to-read format for young children. | ||
| 650 | _aChildren's stories, English. | ||
| 650 |
_aFamily life _vJuvenile fiction. |
||
| 700 |
_aAdamson, Gareth, _eauthor. |
||
| 942 |
_2ddc _cBK _n0 |
||
| 999 |
_c492642 _d492642 |
||